000 00426nab a2200145Ia 4500
003 ES-SlBCS
005 20210601125639.0
008 140529s1991 xxu||||| |||| 00| 0 eng d
041 _aeng
100 1 _aSeung, T. K.
_9159085
245 0 0 _aVirtues and Values: A Platonic Account
_c T. K. Seung
650 0 4 _aVirtud-Valores
_9161877
773 0 _tSocial Theory and Practice
_gvol. 17, 1991, págs. 207-249
_wRev846
942 _cAR
999 _c533749
_d533749